State of the Indian Farmer A Millennium Study:Vol.22 Risk Management (Record no. 373741)

MARC details
000 -LEADER
fixed length control field 00382nam a22001337a 4500
020 ## - INTERNATIONAL STANDARD BOOK NUMBER
International Standard Book Number 9788171883707
082 ## - DEWEY DECIMAL CLASSIFICATION NUMBER
Classification number 630.954 STA.22
100 ## - MAIN ENTRY--PERSONAL NAME
Personal name Bharat Ramaswami
100 ## - MAIN ENTRY--PERSONAL NAME
Personal name Shamika Ravi
245 ## - TITLE STATEMENT
Title State of the Indian Farmer A Millennium Study:Vol.22 Risk Management
260 ## - PUBLICATION, DISTRIBUTION, ETC. (IMPRINT)
Place of publication, distribution, etc. New Delhi
Name of publisher, distributor, etc. Ministry of Agriculture,Government of India
Date of publication, distribution, etc. 2004
300 ## - PHYSICAL DESCRIPTION
Extent 158
942 ## - ADDED ENTRY ELEMENTS (KOHA)
Koha item type Books (General)
Holdings
Withdrawn status Lost status Damaged status Not for loan Collection code Home library Current library Shelving location Date acquired Total Checkouts Full call number Barcode Date last seen Price effective from Koha item type
        Reference Book College of Agriculture, Vellayani College of Agriculture, Vellayani Reference 01/04/2025   630.954 STA.22 KAU_COAV-26466 01/04/2025 01/04/2025 Reference Book
Kerala Agricultural University Central Library
Thrissur-(Dt.), Kerala Pin:- 680656, India
Ph : (+91)(487) 2372219
E-mail: librarian@kau.in
Website: http://library.kau.in/